000 00371nam a2200145Ia 4500
008 090122s9999 xx 000 0 und d
082 _b9710
100 _aमेहता
_bशशिकला
245 _aअद्वैत
600 _aमेहता
630 _aअद्वैत
700 _aमेहता
730 _aअद्वैत
942 _cBOOK
999 _c33787
_d33787